000 00221nam a22000977a 4500
008 170110b xxu||||| |||| 00| 0 eng d
041 _aeng
080 _23RD
_a618.2
245 _aMEDICAL NURSING
_cBROWN, M.F
942 _2udc
_cBK
999 _c2665
_d2665